Les Pokémon de types Normal/Vol - Statistiques

Statistiques générales
  • Ce quiz a été pris 23 fois
  • Le résultat moyen est 22 sur 27
Statistiques - réponses
Pokémon Normal/Vol % Correct
Nirondelle
100%
Piafabec
100%
Rapasdepic
100%
Roucarnage
100%
Roucool
100%
Roucoups
100%
Heledelle
95%
Etourmi
91%
Déflaisan
86%
Etouraptor
86%
Etourvol
86%
Poichigeon
86%
Hoothoot
82%
Noarfang
82%
Colombeau
77%
Dodrio
77%
Doduo
77%
Picassaut
77%
Bazoucan
73%
Gueriaigle
73%
Piclairon
73%
Furaiglon
68%
Passerouge
68%
Canarticho
64%
Pijako
64%
Tylton
64%
Tapatoès
50%
Aucun quiz correspondant
Distribution des résultats
% des personnes avec chaque résultat
Percentile par nombre de réponses
Votre historique - résultats
Vous n’avez pas pris ce quiz